000 00403nam a2200145Ia 4500
008 231129s2010||||xx |||||||||||||| ||spa||
020 _a978-958-704-960-2
040 _bspa
082 _a338.7634772 Ch466b
100 _aChapman Peter.
245 0 _aBananas:De cómo la United Fruit Company moldeó el mundo
260 _c2010
264 _aTaurus
942 _2ddc
_cBKS
999 _c6024
_d6024